Jesus and the four Gospels / (Record no. 1990)
[ view plain ]
| 000 -LEADER | |
|---|---|
| fixed length control field | 00885cam a2200277 i 4500 |
| 001 - CONTROL NUMBER | |
| control field | 359294 |
| 003 - CONTROL NUMBER IDENTIFIER | |
| control field | GBCCL |
| 005 - DATE AND TIME OF LATEST TRANSACTION | |
| control field | 20241126110414.0 |
| 008 - FIXED-LENGTH DATA ELEMENTS--GENERAL INFORMATION | |
| fixed length control field | 781207r1979 caua b 001 0beng |
| 010 ## - | |
| -- | 77020448 |
| 020 ## - INTERNATIONAL STANDARD BOOK NUMBER | |
| International Standard Book Number | 0060620668 (pbk.) : |
| Terms of availability | $8.95 |
| 040 ## - CATALOGING SOURCE | |
| Original cataloging agency | DLC |
| Transcribing agency | DLC |
| Modifying agency | DLC |
| 050 00 - | |
| -- | BT301.2 |
| -- | .D7 1979 |
| 082 00 - DEWEY DECIMAL CLASSIFICATION NUMBER | |
| Classification number | 232.901 |
| Item number | DRA |
| 100 1# - MAIN ENTRY--PERSONAL NAME | |
| Personal name | Drane, John William. |
| 9 (RLIN) | 2725 |
| 245 10 - TITLE STATEMENT | |
| Title | Jesus and the four Gospels / |
| Statement of responsibility, etc. | John W. Drane. |
| 250 ## - EDITION STATEMENT | |
| Edition statement | 1st U.S. ed. |
| 260 ## - PUBLICATION, DISTRIBUTION, ETC. | |
| Place of publication, distribution, etc. | San Francisco : |
| Name of publisher, distributor, etc. | Harper & Row, |
| Date of publication, distribution, etc. | c1979. |
| 300 ## - PHYSICAL DESCRIPTION | |
| Extent | 191 p. : |
| Other physical details | ill. ; |
| Dimensions | 24 cm. |
| 504 ## - BIBLIOGRAPHY, ETC. NOTE | |
| Bibliography, etc. note | Includes bibliographical references and index. |
| 600 00 - SUBJECT ADDED ENTRY--PERSONAL NAME | |
| Personal name | Jesus Christ |
| General subdivision | Biography. |
| 9 (RLIN) | 2791 |
| 630 00 - SUBJECT ADDED ENTRY--UNIFORM TITLE | |
| Uniform title | Bible. |
| Name of part/section of a work | Gospels |
| General subdivision | Criticism, interpretation, etc. |
| 9 (RLIN) | 2775 |
| 650 #0 - SUBJECT ADDED ENTRY--TOPICAL TERM | |
| Topical term or geographic name entry element | Christian biography |
| Geographic subdivision | Palestine. |
| 9 (RLIN) | 2073 |
| 906 ## - LOCAL DATA ELEMENT F, LDF (RLIN) | |
| a | 7 |
| b | cbc |
| c | orignew |
| d | 1 |
| e | ocip |
| f | 19 |
| g | y-gencatlg |
| 942 ## - ADDED ENTRY ELEMENTS (KOHA) | |
| Source of classification or shelving scheme | Dewey Decimal Classification |
| Koha item type | Books |
| Koha issues (borrowed), all copies | 6 |
| Withdrawn status | Lost status | Source of classification or shelving scheme | Damaged status | Not for loan | Home library | Current Library | Shelving location | Date acquired | Total checkouts | Total renewals | Full call number | Barcode | Date last seen | Date last checked out | Copy number | Price effective from | Koha item type |
|---|---|---|---|---|---|---|---|---|---|---|---|---|---|---|---|---|---|
| Dewey Decimal Classification | GRACE BIBLE COLLEGE | GRACE BIBLE COLLEGE | Theology | 2017-06-05 | 3 | 1 | 232.901 DRA | 007650 | 2025-05-01 | 2025-01-23 | c.1 | 2017-06-05 | Books | ||||
| Dewey Decimal Classification | GRACE BIBLE COLLEGE | GRACE BIBLE COLLEGE | Theology | 2018-02-02 | 6 | 1 | 232.901 DRA | 007654 | 2025-05-01 | 2025-01-17 | c.2 | 2018-02-02 | Books |